000 00430ntaaa2200169 4500
003 01
005 20251027201857.0
008 0714s1973 ag 01
040 _aAR-BaBN
_bspa
_cAR-BaBN
_eaacr
_dRIC
082 _a230.2000 G42
100 _aGilson, Etienne
_97759
245 _aFilósofo y la teología
250 _a1 ed. :
_bEdiciones Guadarrama,
_cc/962
300 _a288 p.
650 _aTeología Católica
_96125
942 _cBK
999 _c13453
_d13453